| 000 | 01428cam a2200361 4500 | ||
|---|---|---|---|
| 999 |
_c234571 _d234571 |
||
| 001 | 322908 | ||
| 003 | Nust | ||
| 005 | 20170324121953.0 | ||
| 008 | 741211r19701858enk 000 0 eng | ||
| 010 | _a 74189918 | ||
| 015 | _aGB71-21069 | ||
| 020 | _a9781853260957 | ||
| 040 |
_aDLC _cDLC _dDLC |
||
| 050 | 0 | 0 |
_aPR2819.A2 _bK4 1858a |
| 082 | 0 | 0 |
_a822.33 _bSHA |
| 100 | 1 |
_aShakespeare, William, _d1564-1616. |
|
| 240 | 1 | 0 |
_aKing Lear. _f1970 |
| 245 | 1 | 0 |
_aKing Lear, _c[by William Shakespeare, arranged for representation at the Princess's Theatre with historical and explanatory notes by] Charles Kean. |
| 260 |
_aLondon, _bCornmarket Press, _c1970. |
||
| 300 |
_a 170 p. _c20 cm. |
||
| 350 | _a£180.00 for the 50-volume Shakespeare series (2nd series) | ||
| 500 | _aFacsim. of 1st ed, of this adaptation London; printed by J. K. Chapman, (1858) | ||
| 500 | _a"Reprinted from the copy in the Birmingham Shakespeare Library, shelf mark: S332.1858." | ||
| 600 | 0 | 0 |
_aLear, _cKing of England (Legendary character) _vDrama. |
| 650 | 0 |
_aInheritance and succession _vDrama. |
|
| 650 | 0 |
_aFathers and daughters _vDrama. |
|
| 650 | 0 |
_aKings and rulers _vDrama. |
|
| 650 | 0 |
_aAging parents _vDrama. |
|
| 650 | 0 |
_aBritons _vDrama. |
|
| 655 | 7 |
_aTragedies. _2gsafd |
|
| 700 | 1 |
_aKean, Charles John, _d1811?-1868, _eed. |
|
| 906 |
_a7 _bcbc _corignew _d3 _encip _f19 _gy-gencatlg |
||
| 942 |
_2ddc _cBK |
||